[Event "Agzamov Memorial 06th"]
[Site "Tashkent"]
[Date "2012.03.06"]
[Round "1"]
[White "Aliyev, Kosim"]
[Black "Potapov, Pavel"]
[Result "0-1"]
[WhiteElo "2087"]
[BlackElo "2473"]
[PlyCount "34"]
[EventDate "2012.03.06"]
[EventType "swiss"]
[EventRounds "9"]
[EventCountry "UZB"]
[SourceTitle "CBM 147 Extra"]
[Source "ChessBase"]
[SourceDate "2012.04.24"]
[SourceVersion "1"]
[SourceVersionDate "2012.04.24"]
[SourceQuality "1"]

1. d4 f5 2. e3 Nf6 3. Bd3 d6 4. f4 g6 5. Nf3 Bg7 6. 0-0 0-0 7. Nbd2 Nc6 8. Qe2 Kh8 9. b3 e5 10. fxe5 dxe5 11. dxe5 Ng4 12. Bb2 Ngxe5 13. Nxe5 Nxe5 14. e4 f4 15. Nc4 Qe7 16. Qd2 g5 17. Rf2 Nxc4 0-1

[Event "UZB-ch U20"]
[Site "Tashkent"]
[Date "2011.09.16"]
[Round "11"]
[White "Aliyev, Kosim"]
[Black "Tillyaev, Ulugbek"]
[Result "1/2-1/2"]
[WhiteElo "2056"]
[BlackElo "2201"]
[PlyCount "69"]
[EventDate "2011.09.06"]
[EventType "tourn"]
[EventRounds "13"]
[EventCountry "UZB"]
[SourceTitle "CBM 144 Extra"]
[Source "ChessBase"]
[SourceDate "2011.10.28"]
[SourceVersion "1"]
[SourceVersionDate "2011.10.28"]
[SourceQuality "1"]

1. d4 Nf6 2. Bg5 Ne4 3. Bf4 d5 4. f3 Nd6 5. Nc3 Nc4 6. e4 c6 7. exd5 cxd5 8. Bxc4 dxc4 9. Qe2 Qxd4 10. Be3 Qe5 11. f4 Qa5 12. 0-0-0 e6 13. Qxc4 Nc6 14. Nf3 Be7 15. g4 0-0 16. h4 Rd8 17. Rxd8+ Qxd8 18. Rd1 Qf8 19. Ng5 h6 20. Nge4 Na5 21. Qe2 f5 22. gxf5 exf5 23. Ng3 Qf7 24. Nh5 Nc6 25. Rg1 Bf8 26. Bd2 Be6 27. b3 Nd4 28. Qf2 Nxb3+ 29. axb3 Qxh5 30. Nb5 Rc8 31. Nd4 Bd7 32. Kb2 Be7 33. c4 Qxh4 34. Qf3 Bf6 35. Bc3 1/2-1/2

[Event "UZB-ch U20"]
[Site "Tashkent"]
[Date "2011.09.12"]
[Round "7"]
[White "Aliyev, Kosim"]
[Black "Israilov, Sardor"]
[Result "1-0"]
[WhiteElo "2056"]
[BlackElo "1805"]
[PlyCount "51"]
[EventDate "2011.09.06"]
[EventType "tourn"]
[EventRounds "13"]
[EventCountry "UZB"]
[SourceTitle "CBM 144 Extra"]
[Source "ChessBase"]
[SourceDate "2011.10.28"]
[SourceVersion "1"]
[SourceVersionDate "2011.10.28"]
[SourceQuality "1"]

1. d4 d5 2. e3 Nf6 3. Bd3 c5 4. c3 g6 5. f4 b6 6. Nf3 Bg7 7. 0-0 0-0 8. Nbd2 Ba6 9. Bxa6 Nxa6 10. Ne5 e6 11. Qc2 Nc7 12. b3 Rc8 13. Qd3 Nce8 14. Ba3 Nd6 15. Rac1 Nfe4 16. c4 Nxd2 17. Qxd2 Ne4 18. Qd3 Re8 19. cxd5 Qxd5 20. Rfd1 cxd4 21. Rxc8 Rxc8 22. Qa6 Qa8 23. Rxd4 Rc2 24. Qf1 Rf2 25. Qd1 Bf8 26. Rd8 1-0

[Event "UZB-ch U20"]
[Site "Tashkent"]
[Date "2011.09.09"]
[Round "4"]
[White "Golubev, Roman"]
[Black "Aliyev, Kosim"]
[Result "1-0"]
[WhiteElo "2156"]
[BlackElo "2056"]
[PlyCount "79"]
[EventDate "2011.09.06"]
[EventType "tourn"]
[EventRounds "13"]
[EventCountry "UZB"]
[SourceTitle "CBM 144 Extra"]
[Source "ChessBase"]
[SourceDate "2011.10.28"]
[SourceVersion "1"]
[SourceVersionDate "2011.10.28"]
[SourceQuality "1"]

1. e4 e6 2. d4 d5 3. Nc3 Nf6 4. e5 Ne4 5. Nxe4 dxe4 6. Be3 b6 7. Qg4 Qd5 8. Ne2 Bb7 9. Nc3 Qa5 10. Bb5+ c6 11. Be2 Nd7 12. Qxe4 Bb4 13. Bd2 0-0-0 14. Bf3 Qa6 15. a3 f5 16. Qe2 b5 17. 0-0 Bxc3 18. Bxc3 Nb6 19. Rfd1 g5 20. g3 h5 21. Bb4 h4 22. b3 hxg3 23. fxg3 g4 24. Bh1 Rh7 25. a4 Kb8 26. Bd6+ Ka8 27. axb5 Qxb5 28. Qd2 c5 29. Ra5 Qd7 30. Bxb7+ Qxb7 31. Rda1 Nc8 32. Bxc5 Rdh8 33. Rxa7+ Nxa7 34. Rxa7+ Qxa7 35. Bxa7 Kxa7 36. c4 Kb6 37. d5 exd5 38. cxd5 Kc5 39. b4+ Kc4 40. d6 1-0

[Event "UZB-ch U20"]
[Site "Tashkent"]
[Date "2011.09.08"]
[Round "3"]
[White "Aliyev, Kosim"]
[Black "Sapaev, Maksad"]
[Result "0-1"]
[WhiteElo "2056"]
[BlackElo "2140"]
[PlyCount "75"]
[EventDate "2011.09.06"]
[EventType "tourn"]
[EventRounds "13"]
[EventCountry "UZB"]
[SourceTitle "CBM 144 Extra"]
[Source "ChessBase"]
[SourceDate "2011.10.28"]
[SourceVersion "1"]
[SourceVersionDate "2011.10.28"]
[SourceQuality "1"]

1. d4 Nf6 2. e3 g6 3. Bd3 Bg7 4. f4 d6 5. Nf3 0-0 6. 0-0 c5 7. b3 Nc6 8. Bb2 Nd5 9. Qd2 Qb6 10. Be2 cxd4 11. exd4 Bg4 12. Kh1 Qb4 13. c3 Qa5 14. Na3 a6 15. b4 Qb6 16. Nc2 Rac8 17. Rab1 Bf5 18. Nfe1 Nf6 19. Bd3 Bxd3 20. Nxd3 e6 21. c4 Rfd8 22. Qe2 Ne7 23. Na3 Nf5 24. c5 Qc6 25. Nc4 Ne4 26. Qf3 Bxd4 27. Rfc1 Bxb2 28. Rxb2 Nf6 29. Qxc6 Rxc6 30. h3 h5 31. a4 dxc5 32. Nce5 Rc7 33. bxc5 h4 34. Rcb1 Nd7 35. Rxb7 Rxb7 36. Rxb7 Nxe5 37. fxe5 Rxd3 38. Kg1 0-1